000 00430nam a22001697a 4500
999 _c3013
_d3012
005 20210720125108.0
008 160617b xxu||||| |||| 00| 0 eng d
020 _a81-87414-04-9
041 _aeng
082 _b330
100 _aVijay, Yogesh and Vijay, Vikas
_92158
245 _aTOGETHER WITH BUSINESS STUDIES
260 _bRACHNA SAGAR PVT.LTD
_c2004
_aNEW DELHI
300 _a319
650 _aManagement
_9241
942 _cBK